00142nam a2200073 4500082000800000100002300008245002700031260001000058 aNOV aNovell Application aPresentations Graphics c1990.